01013cam a22002651 4500001001300000003000400013005001700017008004100034010001700075035001900092040005100111042001200162050002200174086001700196100003300213245011500246260004800361300009600409410005600505504003000561650003700591700005400628740004800682999001700730gs 65000394 DLC20260227111418.0780125s1965 dcuab b f000 0 eng c ags 65000394  a(OCoLC)3580510 aU.S. Geol Survey. Libr.cOClUdOCoLCdISSdDLC apremarc00aQE75b.P9 no. 4790 aI 19.16:479/1 aAlbritton, Claude C.,d1913-10aGeology of the Sierra Blanca area; Hudspeth County, Texas,cby Claude C. Albritton, Jr. and J. Fred Smith, Jr. aWashington,bU.S. Govt. Print. Off.,c1965. avi, 131 p.billus., and maps.c29 cm.eand portfolio (7 fold. illus. (2 col.), 3 col. maps)20aGeological Survey (U.S.).tProfessional paper,v479 aBibliography: p. 124-128. 0aGeologyzTexaszHudspeth County.1 aSmith, J. Fredq(Joe Fred),d1911-ejoint author.0 aSierra Blanca area, Hudspeth County, Texas. c30125d30125